000 01303nam a2200325Ia 4500
001 ebr10716710
003 CaPaEBR
006 m o u
007 cr cn|||||||||
008 130606s2013 njua sb 001 0 eng d
020 _z9781118754207
020 _z9781118686379
040 _aCaPaEBR
_cCaPaEBR
035 _a(OCoLC)846495659
050 1 4 _aQA76.9.S88
_bK86 2013eb
100 1 _aKumar, S.
245 1 0 _aAdvances in modeling and design of adhesively bonded systems
_h[electronic resource] /
_cedited by S. Kumar and K.L. Mittal.
260 _aHoboken :
_bWiley,
_c2013.
300 _axv, 260 p. :
_bill.
490 1 _aAdhesion and adhesives: fundamental and applied aspects
504 _aIncludes bibliographical references and index.
533 _aElectronic reproduction.
_bPalo Alto, Calif. :
_cebrary,
_d2013.
_nAvailable via World Wide Web.
_nAccess may be limited to ebrary affiliated libraries.
650 0 _aSystem design.
650 0 _aMathematical models.
655 7 _aElectronic books.
_2local
700 1 _aMittal, K. L.,
_d1945-
710 2 _aebrary, Inc.
830 0 _aAdhesion and adhesives: fundamental and applied aspects.
856 4 0 _uhttp://site.ebrary.com/lib/rucke/Doc?id=10716710
_zAn electronic book accessible through the World Wide Web; click to view
999 _c27262
_d27262